用所含单字猜中国内地常用名字 Top 10 P.R.China Baby's Names (by Single Characters) - Statistics

General Stats
  • This quiz has been taken 39 times
  • The average score is 51 of 92
Answer Stats
年代 性别 名字 % Correct
早于1959、1960年代 建国
100%
2010年代 男/女 子涵
100%
早于1959、1960年代 建华
97%
早于1959、1960年代 建平
97%
1960年代、1970年代 建军
97%
2010年代 子轩
97%
早于1959 国华
94%
2010年代 子豪
94%
2010年代 雨涵
94%
早于1959、1960年代 玉兰
89%
早于1959 玉英
89%
2010年代、2023年 浩宇
89%
2010年代、2023年 梓涵
89%
2010年代 诗涵
89%
2010年代 紫涵
89%
早于1959、1960年代、1970年代、1980年代
86%
1960年代 玉梅
86%
1970年代 红梅
86%
2010年代、2023年 宇轩
86%
2023年 艺涵
86%
早于1959 玉珍
83%
2000年代、2010年代 雨欣
83%
2023年 宇泽
83%
早于1959、1960年代 秀英
80%
早于1959、1960年代 桂英
80%
早于1959、1960年代 秀兰
80%
早于1959 兰英
80%
1960年代、1970年代、1980年代、1990年代
80%
1960年代、1970年代
80%
2000年代
80%
2000年代、2010年代、2023年 浩然
80%
2000年代、2010年代、2023年 欣怡
80%
2010年代 宇航
80%
2010年代 浩轩
80%
早于1959 秀珍
77%
早于1959 凤英
77%
1960年代、1970年代
77%
1990年代、2000年代
77%
早于1959 桂兰
71%
2010年代 皓轩
69%
2010年代 梓萱
69%
早于1959 和平
66%
早于1959、1960年代
66%
2000年代、2010年代 佳怡
66%
早于1959 德明
63%
2023年 奕泽
63%
2023年 雨桐
63%
早于1959
60%
早于1959 志明
60%
2023年 茗泽
60%
1960年代、1970年代、1980年代、1990年代
57%
1960年代、1970年代、1980年代、1990年代
51%
1970年代、1980年代
51%
2000年代、2010年代 俊杰
51%
2023年 沐辰
51%
2023年 沐阳
49%
1970年代
46%
1980年代、1990年代、2000年代
46%
2023年 奕辰
46%
1960年代、1970年代、1980年代
40%
2010年代、2023年 一诺
37%
1970年代、1980年代、1990年代、2000年代
34%
2023年 沐宸
34%
1990年代、2000年代
31%
1990年代、2000年代 婷婷
31%
2023年 语桐
31%
1970年代、1980年代
29%
1980年代、1990年代
26%
1980年代
26%
1970年代、1980年代、1990年代、2000年代
23%
2023年 语汐
23%
1970年代、1980年代、1990年代
20%
1980年代、1990年代
20%
1990年代、2000年代
20%
2023年 依诺
20%
1960年代、1970年代、1980年代、1990年代、2000年代
17%
1970年代
17%
1990年代、2000年代
17%
1970年代、1980年代
14%
1980年代、1990年代、2000年代
14%
2000年代
14%
1980年代
11%
1990年代、2000年代
11%
2000年代
11%
2023年 若汐
11%
1960年代
9%
1970年代
9%
1980年代、1990年代、2000年代
9%
1980年代、1990年代
9%
1990年代
6%
1960年代、1970年代
3%
2023年 苡沫
0%
No matching quizzes found
Score Distribution
Percent of People with Each Score
Percentile by Number Answered
Your Score History
You have not taken this quiz